Sijil Agensi Harta Tanah Kertas Soalan Peperiksaan Akhir Tahun 2017 : 2017

Bibliographic Details
Corporate Authors: Sijil Agensi Harta Tanah Kertas Soalan Peperiksaan Akhir Tahun 2017, INSPEN ( Institut Penilaian Negara )
Format: Book
Language:Malay
Subjects:

MARC

LEADER 00000cam a2200000 7i4500
001 0000028811
005 20200220.0
008 200220 my may
040 |a INS   |b eng   |c INS   |e rda 
090 0 0 |a PCEA6 
110 1 |a Sijil Agensi Harta Tanah Kertas Soalan Peperiksaan Akhir Tahun 2017 
245 0 0 |a Sijil Agensi Harta Tanah Kertas Soalan Peperiksaan Akhir Tahun 2017 :   |b 2017 
264 0 |a Bangi :   |b Institut Penilaian Negara   |c 2017 
300 |a 1 volume ( Mukasurat pelbagai ) :   |b illustration ;   |c 30 cm. 
336 |a text  |2 rdacontent 
337 |a unmediated  |2 rdamedia 
338 |a volume  |2 rdacarrier 
650 0 |a Certificate in Estate Agency   |x Examinations, questions, etc. 
710 1 |a INSPEN ( Institut Penilaian Negara ) 
999 |a PCEA000006   |b BOOK   |c Question papers   |e Default branch